| 000 | nam a22 a 4500 | ||
|---|---|---|---|
| 999 |
_c115909 _d115909 |
||
| 003 | BLK | ||
| 005 | 20220726103402.0 | ||
| 008 | 180409b bul|||||r ||||||| ||bul|| | ||
| 010 | _aKNG00121428000 | ||
| 040 | _aBLK | ||
| 041 |
_aBUL _cBUL |
||
| 080 |
_aМетодика по музика. Музика - учебни предмети _b373.3.016:78 _z373.3.016:78 |
||
| 100 | 1 |
_aКръстева, Светла Стефанова _eпърви автор _9368026 |
|
| 139 |
_aКръстева, Светла Стефанова _bК 92 |
||
| 245 | 1 | 0 |
_aСлушане на музика в училищата _cСветла Стефанова Кръстева. |
| 257 | _aBGR | ||
| 260 |
_aСофия _bНар. просв. _c1972 _fВ. Търново : Д. Найденов |
||
| 300 |
_a179 с. _bс ноти _c24 см |
||
| 380 | _a7 | ||
| 650 | 4 |
_aМузикално възпитание _9272575 |
|
| 650 | 4 |
_aМузика - възприемане _9306066 |
|
| 650 | 4 |
_aМузика - методика на преподаването _9288234 |
|
| 653 | _aмузика | ||
| 653 | _aмузикален слух | ||
| 653 | _aметодика на преподаването | ||
| 852 |
_aЦб 62773 _bЦб |
||
| 942 |
_cKNG _n0 _s1 |
||
| 944 |
_aCR _c15.02.2011 _lдобави в АБ / 14.02.2011 _kНаталия_Любомирова |
||
| 944 |
_aED _c2022-07-26 _kГГГ |
||